000 01594 a2200253 4500
003 Nust
005 20221129111616.0
010 _a 96027594
020 _a0534955320
040 _cNust
082 0 0 _a519.4,BUR
100 1 _aBurden, Richard L.
_97191
245 1 0 _aNumerical analysis
_cRichard L. Burden, J. Douglas Faires.
250 _a6th ed.
260 _aPacific Grove, CA :
_bBrooks/Cole Pub. Co.,
_cc1997.
300 _axiii, 811 p. :
_bill. (some col.) ;
_c25 cm. +
_e1 computer disk (3 1/2 in.)
505 _aMathematical Preliminaries (Page -1), Solutions of Equations in One Variable (Page-47), Interpolation and Polynomial Approximation (Page-104), Numerical Differentiation and Integration (Page-167), Initial Value Problems for Ordinary Differential Equations (Page-252), Direct Methods for Solving Linear Systems (Page-350), Iterative Techniques in Matrix Algebra (Page-423), Approximation Theory (Page-473), Approximating Eigen values (Page-539), Numerical Solutions of Nonlinear Systems of Equations (Page-588), Boundary Value Problems for Ordinary Differential Equations( Page-624), Numerical Solutions to partial Differential Equations (Page-670).
650 0 _aNumerical analysis.
_9103
700 1 _aFaires, J. Douglas.
_97190
856 4 2 _3Contributor biographical information
_uhttp://www.loc.gov/catdir/enhancements/fy1515/96027594-b.html
856 4 2 _3Publisher description
_uhttp://www.loc.gov/catdir/enhancements/fy1515/96027594-d.html
856 4 2 _3Table of contents only
_uhttp://www.loc.gov/catdir/enhancements/fy1515/96027594-t.html
942 _2ddc
_cBK
999 _c217741
_d217741